Squadra dell'anno AIC 2019 - Statistics

Statistiche generali
  • Questo quiz è stato fatto 13 volte
  • Il punteggio medio è 10 su 11
Statistiche sulle risposte
Ruolo Nazione Squadra Calciatore % Corretto
Attaccante Portogallo Juventus Cristiano Ronaldo
100%
Difensore Italia Juventus Giorgio Chiellini
100%
Difensore Senegal Napoli Kalidou Koulibaly
100%
Centrocampista Bosnia ed Erzegovina Juventus Miralem Pjanić
100%
Attaccante Colombia Atalanta Duván Zapata
92%
Difensore Portogallo Juventus João Cancelo
92%
Portiere Slovenia Inter Samir Handanovič
92%
Attaccante Italia Sampdoria Fabio Quagliarella
85%
Centrocampista Slovenia Atalanta Josip Iličić
85%
Difensore Serbia Roma Aleksandar Kolarov
77%
Centrocampista Italia Cagliari Nicolò Barella
69%
Nessun quiz corrispondente trovato
Distribuzione punteggi
Percentuale di utenti per punteggio
Percentile per numero di risposta
I tuoi punteggi nel tempo
Non hai fatto questo quiz